Elektronický odpad - odvrátená tvár využívania IT

Kontaminácia z elektronického odpadu. Smerovanie amerického elektronického odpadu do Číny. Legislatíva - dôrazné kroky Európskej únie v recyklácii elektronického odpadu. Legislatíva Číny a USA. Postoj výrobcov.

Na minha lista:
Detalhes bibliográficos
Autor principal: Potisková, Ingrid
Formato: Capítulo de Livro
Idioma:eslovaco
Assuntos:
Tags: Adicionar Tag
Sem tags, seja o primeiro a adicionar uma tag!

MARC

LEADER 00000naa$a2200000$$$4500
001 0091721
005 20240502072026.3
041 0 |a slo 
044 |a SK 
245 1 0 |a Elektronický odpad - odvrátená tvár využívania IT  |c Ingrid Potisková 
520 |a Kontaminácia z elektronického odpadu. Smerovanie amerického elektronického odpadu do Číny. Legislatíva - dôrazné kroky Európskej únie v recyklácii elektronického odpadu. Legislatíva Číny a USA. Postoj výrobcov. 
610 2 0 |a odpad 
610 2 0 |a spracovanie odpadu 
610 2 0 |a recyklácia odpadu 
610 2 0 |a počítače 
610 2 0 |a technológie informačné 
610 2 0 |a elektronika 
610 2 0 |a legislatíva 
610 2 0 |a svet 
100 1 |a Potisková, Ingrid